LEADER 01976nam a2200361 a 4500 001 000000168480 003 CaOOAMICUS 005 20180702094043.0 008 180702s2018 vc u000 u ita r 020 $a978-88-465-1187-4* 032 $aLibriCat 040 $aPUL$bita 082 04$a340 100 1 $aMontanari, Marilena.$0(OLS)http://pul/name/108514 245 13$aIl programma di Stazione Spaziale Internazionale e la sua regolamentazione tra le prospettive de iure condendo e de iure condito. Il caso del "fine vita" /$cMarilena Montanari. 260 $aCittà del Vaticano :$bLateran University Press,$c©2018. 300 $aXXVI, 267 p. ;$c24 cm. 490 1 $aLineamenta iuris. Monografie ;$v13 502 $aTesi -- Pontificia Universitas Lateranensis. Institutum Utriusque Iuris. Dipartimento di Studi sulla Comunità Internazionale. 2018. 504 $aInclude riferimenti bibliografici. 650 4$aSpazio cosmico$xDiritto internazionale.$0(OLS)http://pul/subject/33622 710 1 $aPontificia Università Lateranense.$bInstitutum Utriusque Iuris.$kTesi.$0(OLS)http://pul/name/81822 830 0$aLineamenta iuris.$pMonografie ;$v13.$0(OLS)http://pul/title/197314 850 $aPUL 852 $aPUL$W1$xSL Diritto e Scienze Sociali 3$y79$m340 COLL 2.13$j191936$qDDC 21$B196390$CPULBib$Z2$F196390 $H131121 $81 852 $aPUL$W1$xDP1 Tesi Pon Univ. Lateranense$y41$m2018 E 2$j192018$qTesi$B196478$CPULBib$Z2$F196478 $81 941 1 $a9 941 1 $a16 996 $6020$a978-88-465-1187-4*$9(OLS)http://pul/number/164439 996 $6082$a340$9(OLS)http://pul/classification/419 996 $6245$aIl programma di Stazione Spaziale Internazionale e la sua regolamentazione tra le prospettive de iure condendo e de iure condito. Il caso del "fine vita"$9(OLS)http://pul/title/208874 996 $6260$aCittà del Vaticano :$bLateran University Press$9(OLS)http://pul/publisher/74585 LEADER 01087nam a2200241 u 4500 001 000000048260 003 CaOOAMICUS 005 20070226114959.0 008 000418n it u000 u ita u 035 $a10845967 040 $aPUL$bita 100 1 $aGrossi, Pierfrancesco.$0(OLS)http://pul/name/34988 245 12$aI "fondi neri" della Montedison alla corte costituzionale :$b(cronaca di un conflitto) /$cPierfrancesco Grossi. 260 $aMilano :$bGiuffrè,$c[s.d.] 300 $aP. [701]-760 ;$c25 cm 500 $aEstr. da: "Scritti in onore di Salvatore Pugliatti", vol. III, Diritto pubblico". 610 24$aMontedison S.p.A.$0(OLS)http://pul/subject/20357 850 $aPUL 852 $aPUL$W1$xDP1 Miscellanee$y10$mMISC.I.C.G$j64350$nBK-PRI$b $qStampati Miscellanee$B64350$CPULBib$Z2$F64350 $H $81 941 1 $a17 961 $aINV: 81521 996 $6245$aI "fondi neri" della Montedison alla corte costituzionale :$b(cronaca di un conflitto)$9(OLS)http://pul/title/64985 996 $6260$aMilano :$bGiuffrè$9(OLS)http://pul/publisher/48401